Plus grandes villes à plus d'un km d'altitude sur une carte submergée - Statistiques

Statistiques générales
  • Ce quiz a été pris 5 971 fois
  • Le résultat moyen est 8 sur 20
Réponses sur la Carte
Les réponses sont colorées sur une échelle allant du rouge au vert en fonction du pourcentage des utilisateurs qui les ont devinées à leur premier essai. Vous pouvez retrouver ces pourcentages ci-dessous.
 
Statistiques - réponses
Population Altitude (en m) Ville % Correct
24 900 000 2 240 Mexico
89%
10 200 000 2 640 Bogota
79%
14 800 000 1 753 Johannesburg
70%
4 175 000 1 172 Brasilia
66%
16 200 000 1 200 Téhéran
62%
6 550 000 1 661 Nairobi
57%
4 225 000 1 495 Medellin
51%
4 600 000 2 355 Addis-Abeba
49%
3 075 000 1 400 Katmandou
45%
3 950 000 1 609 Denver
40%
4 800 000 1 500 Kaboul
35%
3 075 000 2 200 Sanaa
34%
5 750 000 1 560 Guadalajara
33%
3 325 000 1 592 Guatemala
30%
3 975 000 1 189 Kampala
29%
3 350 000 1 574 Ispahan
18%
4 175 000 2 160 Puebla
11%
6 250 000 1 890 Kunming
6%
4 850 000 1 070 Guiyang
3%
3 400 000 1 572 Lanzhou
3%
Aucun quiz correspondant
Distribution des résultats
% des personnes avec chaque résultat
Percentile par nombre de réponses
Votre historique - résultats
Vous n’avez pas pris ce quiz